01501nam a22003377a 4500003000400000005001700004008004100021040002200062082001800084100003000102245003000132260006000162300002100222366000800243490002900251505001200280505006900292505022000361505001200581650006000593650005200653650005300705650004300758650004500801650005600846650004700902700003600949942002900985999001501014952013401029OSt20230616084034.0221006b |||||||| |||| 00| 0 eng d cBiblioteca Lado V a709.05bG851a 9855aGriffin, Timeeditor aArtforum/bInternacional/ aNew Yorkc2005bNew York editorial and business offices c26.5x27cma208p. eeng aFebrerov2005x0864-1315 tLetters tCOLUMNSaPassages Film Performance Tech Slant News Top Ten tFEATURESaThe New MoMA 1000 Words: Liam Gillick and Philippe Parreno Image Structures: Photography and Sculpture Light Speed: Dan Flavin at the National Gallery Six Paragraphs on Dan Flavin Openings: Kota Ezawa tREVIEWS 2Tesauro de Arte & ArquitecturaaARTE COMTEMPORANEO9703 2Tesauro de Arte & ArquitecturaaFOTOGRAFIA9702 2Tesauro de Arte & ArquitecturaaARTE VISUAL9702 2Tesauro de Arte & ArquitecturaaLIBROS 2Tesauro de Arte & ArquitecturaaNOTICIAS 2 Tesauro de Arte & ArquitecturaaARTE INTERNACIONAL 2 Tesauro de Arte & ArquitecturaaESCULTURA aNavarreta, Jose Antonioeeditor 2ddcc1h709.05iG851an0 c3847d3847 00102ddc3200540708RevistasaLVbLVd2023-06-16hFebreroi002540l0o709.05 G851ap002540r2023-06-16 00:00:00w2023-06-16y1